Underwater friends / (Record no. 8053)

MARC details
000 -LEADER
fixed length control field 00745nam a22002657a 4500
001 - CONTROL NUMBER
control field 8053
003 - CONTROL NUMBER IDENTIFIER
control field FISKH
005 - DATE AND TIME OF LATEST TRANSACTION
control field 20250819162543.0
008 - FIXED-LENGTH DATA ELEMENTS--GENERAL INFORMATION
fixed length control field 250819b cb ||||| |||| 00| 0 eng d
020 ## - INTERNATIONAL STANDARD BOOK NUMBER
International Standard Book Number 188089274X
040 ## - CATALOGING SOURCE
Original cataloging agency FISKH
Language of cataloging eng
Transcribing agency FISKH
Modifying agency FISKH
050 ## - LIBRARY OF CONGRESS CALL NUMBER
Classification number PZ7
082 ## - DEWEY DECIMAL CLASSIFICATION NUMBER
Classification number 428.6
100 ## - MAIN ENTRY--PERSONAL NAME
Personal name Gouin, Lieba
245 ## - TITLE STATEMENT
Title Underwater friends /
Statement of responsibility, etc. By Lieba Gouin : Illustrated by Jane Tasciotti
260 ## - PUBLICATION, DISTRIBUTION, ETC.
Place of publication, distribution, etc. Florida :
Name of publisher, distributor, etc. Common Sense Press ,
Date of publication, distribution, etc. 1998.
300 ## - PHYSICAL DESCRIPTION
Extent 40 pages :
Other physical details color illustrations ;
Dimensions 20 cm .
505 ## - FORMATTED CONTENTS NOTE
Formatted contents note J <br/>
521 8# - TARGET AUDIENCE NOTE
Target audience note 500 <br/>
Source Lexile estimate <br/>
521 8# - TARGET AUDIENCE NOTE
Target audience note J <br/>
Source Raz-Plus <br/>
650 ## - SUBJECT ADDED ENTRY--TOPICAL TERM
Topical term or geographic name entry element Homeschool
Form subdivision Fiction
700 ## - ADDED ENTRY--PERSONAL NAME
Personal name Tasciotti, Jane
Relator term Illustrator
942 ## - ADDED ENTRY ELEMENTS (KOHA)
Source of classification or shelving scheme Dewey Decimal Classification
Koha item type Books
Suppress in OPAC No
Holdings
Withdrawn status Lost status Source of classification or shelving scheme Damaged status Not for loan Home library Current library Shelving location Date acquired Total Checkouts Full call number Barcode Date last seen Price effective from Koha item type
    Dewey Decimal Classification     Footprints International School Library Network Toul Tom Poung Campus Footprints International School Library Network Toul Tom Poung Campus TTP Primary Dark Blue Bookshelves 08/19/2025   GOU PZ7 428.6 FISSE03051 08/19/2025 08/19/2025 Books